00617nam a2200181Ia 4500952015000000999001700150003000400167005001700171008004100188040000900229082002300238100002000261245002600281260004800307300000900355650001900364942005200383 00102ddc40708HISTORYaMESbMEScHISd2019-02-20g195.00l1o954.0258092 LAL/Ap17193r2025-03-17 13:59:15s2025-03-12w2019-02-20yBKzGL36R4 c19980d19980OSt20201027100219.0190216s9999||||xx |||||||||||||| ||und|| coclc a954.0258092bLAL/A aLal, Muni96098 0aAurangzeb /cMuni Lal bVikas Publishing House, c1988.aNew Delhi: a403p aIndian History cBK2ddch954.0258092iLAL/Ak954.0258092mLAL/A